000 00620nam a2200229Ia 4500
003 OSt
005 20221007065354.0
006 a|||||r|||| 00| 0
007 ta
008 221006b |||||||| |||| 00| 0 eng d
024 _a16,597
037 _cTextual
040 _aFLL
_cFLL
_beng
041 _2eng
_aeng
082 _aY1:45:6, K32;1
100 _aPal Nripendra Chandra
_9686907
245 0 _aCrime-cause and cure
260 _aDurgapur
_bDurgapur Steel Plant India
_c1963
300 _a126p
_ccm.
942 _hY1:45:6, K32;1
_cTEXL
_2CC
999 _c1137132
_d1137132